000 00328nam a2200133Ia 4500
008 151001s9999||||xx |||||||||||||| ||und||
100 _aनयना आचार्य
245 _aवावडी
250 _a1
260 _bगिता एजन्सी
260 _c2003
300 _a174
365 _b18
999 _c982532
_d982529